000 00635nam a22002177a 4500
003 UA-OsUOA
001 59888
007 ta
008 20090429b un ||||| |||| 00| 0 ukr d
090 _a7.036
_bМ89
942 _cBK
040 _aUA-OsUOA
_bukr
_cUA-OsUOA
_dUA-OsUOA
245 _aМузей сучасного мистецтва - лабораторія творчих ідей та візуальних імпровізацій
300 _a188 с.
955 _a2
041 _aukr
080 _a7.036
260 _aК.
_c2007
650 7 _a7.0 Загальні питання мистецтва
_2UDC
999 _c346165
_d346165